[Event "Pere Noel"]
[Site "Montreal CAN"]
[Date "2015.12.26"]
[Round "1.2"]
[White "Marin, Sam"]
[Black "Lesiege, Alexandre"]
[Result "0-1"]
[WhiteElo "1993"]
[BlackElo "2537"]
[WhiteFideId "-1"]
[WhiteFideId "-1"]
[PlyCount "62"]
[GameId "2160767908790501"]
[EventDate "2015.12.26"]
[EventType "swiss"]
[EventRounds "5"]
[EventCountry "CAN"]
[SourceTitle "hb 2015"]

1. e4 e5 2. Nf3 Nc6 3. d4 exd4 4. Nxd4 Bc5 5. Be3 Qf6 6. c3 Nge7 7. Bc4 Ne5 8. Be2 Qg6 9. O-O d5 10. Bh5 Bg4 11. Bxg6 Bxd1 12. Bxf7+ Kxf7 13. Rxd1 Nc4 14. b3 Nxe3 15. fxe3 Rhe8 16. Rf1+ Kg8 17. Nd2 Bb6 18. e5 Ng6 19. e4 dxe4 20. Nxe4 Rad8 21. Kh1 Nxe5 22. Rae1 Nd3 23. Re3 c5 24. Nf5 Rxe4 25. Ne7+ Rxe7 26. Rxe7 Nf2+ 27. Kg1 c4 28. g3 h5 29. Rxf2 Rd2 30. Ref7 Rxa2 31. bxc4 Rxf2 0-1

[Event "Pere Noel"]
[Site "Montreal CAN"]
[Date "2015.12.27"]
[Round "2.2"]
[White "Lesiege, Alexandre"]
[Black "Yao, Sammy"]
[Result "1-0"]
[WhiteElo "2537"]
[BlackElo "2079"]
[WhiteFideId "-1"]
[WhiteFideId "-1"]
[PlyCount "73"]
[GameId "2160767908790519"]
[EventDate "2015.12.26"]
[EventType "swiss"]
[EventRounds "5"]
[EventCountry "CAN"]
[SourceTitle "hb 2015"]

1. c4 Nf6 2. g3 g6 3. Bg2 Bg7 4. Nf3 d6 5. d4 O-O 6. O-O Nbd7 7. Nc3 e5 8. e4 exd4 9. Nxd4 Re8 10. h3 a6 11. Be3 Rb8 12. b3 Nc5 13. Qc2 Bd7 14. Rad1 Qc8 15. b4 Ne6 16. Nde2 b5 17. c5 dxc5 18. bxc5 Bc6 19. Nd5 Nd7 20. Nd4 Nxd4 21. Bxd4 Ne5 22. Qc3 f6 23. Rfe1 Bxd5 24. exd5 Qf5 25. g4 Qg5 26. Qg3 Nf7 27. Qxc7 h5 28. Be3 Qh4 29. Qg3 Qxg3 30. fxg3 hxg4 31. hxg4 Ne5 32. d6 Rbd8 33. g5 Kh7 34. c6 f5 35. Bf4 Nc4 36. Rxe8 Rxe8 37. d7 1-0

[Event "Pere Noel"]
[Site "Montreal CAN"]
[Date "2015.12.28"]
[Round "3.2"]
[White "Leveille, Francois"]
[Black "Lesiege, Alexandre"]
[Result "0-1"]
[WhiteElo "2341"]
[BlackElo "2537"]
[WhiteFideId "-1"]
[WhiteFideId "-1"]
[PlyCount "154"]
[GameId "2160767908790538"]
[EventDate "2015.12.26"]
[EventType "swiss"]
[EventRounds "5"]
[EventCountry "CAN"]
[SourceTitle "hb 2015"]

1. Nf3 d5 2. c4 e6 3. g3 c6 4. Bg2 dxc4 5. O-O Nf6 6. a4 Na6 7. Qc2 b5 8. b3 Nb4 9. Qb2 cxb3 10. Nd4 Nfd5 11. Qxb3 bxa4 12. Qxa4 Bd7 13. Nf3 c5 14. Qb3 Be7 15. Nc3 O-O 16. Ne5 Be8 17. Ba3 a5 18. Rfc1 Rb8 19. Ne4 Rc8 20. d3 Nb6 21. Bb2 a4 22. Qd1 f6 23. Nc4 Nxc4 24. Rxc4 Bb5 25. Rcc1 Nd5 26. Ba3 Qb6 27. Rab1 Nb4 28. Nc3 Qa6 29. Nxb5 Qxb5 30. Rc4 Rfd8 31. Qc1 Rb8 32. h4 Qb6 33. Qe3 Qd6 34. Rbc1 Qd7 35. Bh3 f5 36. Bg2 Na2 37. R1c2 Rb1+ 38. Kh2 Nb4 39. Rb2 Ra1 40. d4 cxd4 41. Qf3 Nd5 42. Bxe7 Qxe7 43. Rxd4 Ra3 44. e3 Rb3 45. Rbd2 a3 46. Qd1 Rb5 47. Qa4 Qc5 48. Rc4 Ra5 49. Qb3 Qf8 50. Rcd4 Rb8 51. Qa2 Kh8 52. Bxd5 exd5 53. Rxd5 Raa8 54. Rd7 Qf6 55. R7d6 Qc3 56. R6d3 Qb4 57. Qf7 h6 58. Rd7 Qf8 59. Ra2 Qxf7 60. Rxf7 Ra5 61. Rd7 Rb3 62. Kg2 Kg8 63. h5 Rb8 64. Rd3 Rba8 65. Kf3 Kf7 66. Rd6 R8a6 67. Rxa6 Rxa6 68. Kf4 Kf6 69. f3 Ra4+ 70. e4 fxe4 71. fxe4 Ra5 72. g4 Ra4 73. Ke3 Ke5 74. Kf3 Ra7 75. g5 hxg5 76. Kg4 Kxe4 77. Kxg5 Ra6 0-1

[Event "Pere Noel"]
[Site "Montreal CAN"]
[Date "2015.12.30"]
[Round "5.3"]
[White "Fan, Run Kun"]
[Black "Lesiege, Alexandre"]
[Result "0-1"]
[WhiteElo "2089"]
[BlackElo "2537"]
[WhiteFideId "-1"]
[WhiteFideId "-1"]
[PlyCount "48"]
[GameId "2160767908790577"]
[EventDate "2015.12.26"]
[EventType "swiss"]
[EventRounds "5"]
[EventCountry "CAN"]
[SourceTitle "hb 2015"]

1. c4 Nf6 2. Nc3 e5 3. g3 Bb4 4. Bg2 O-O 5. Nf3 Re8 6. O-O e4 7. Ng5 Bxc3 8. bxc3 h6 9. Nh3 b6 10. a4 Nc6 11. Nf4 Bb7 12. d3 Na5 13. Rb1 c5 14. Qc2 Qe7 15. Bb2 Rad8 16. Rbd1 Bc6 17. h3 d6 18. Kh2 Qd7 19. Ra1 Qf5 20. Rad1 h5 21. Rd2 h4 22. Kg1 Qg5 23. Kh2 e3 24. fxe3 Qxg3+ 0-1

[Event "Varennes op"]
[Site "Varennes CAN"]
[Date "2015.11.06"]
[Round "1.2"]
[White "Lesiege, Alexandre"]
[Black "Libersan, Thierry"]
[Result "1-0"]
[WhiteElo "2542"]
[BlackElo "2122"]
[WhiteFideId "-1"]
[WhiteFideId "-1"]
[PlyCount "43"]
[GameId "2160767908794996"]
[EventDate "2015.11.07"]
[EventType "swiss"]
[EventRounds "5"]
[EventCountry "CAN"]
[SourceTitle "hb 2015"]

1. c4 Nf6 2. g3 g6 3. Bg2 Bg7 4. Nf3 d6 5. d4 O-O 6. O-O Nbd7 7. Nc3 e5 8. e4 Re8 9. h3 exd4 10. Nxd4 Nc5 11. Re1 c6 12. Bf4 Nh5 13. Be3 Nf6 14. Qc2 a5 15. Rad1 a4 16. Nxc6 bxc6 17. Bxc5 Qa5 18. Bxd6 Be6 19. e5 Nd7 20. Bxc6 Nxe5 21. Bxe5 Bxe5 22. Bxe8 1-0

[Event "Varennes op"]
[Site "Varennes CAN"]
[Date "2015.11.07"]
[Round "2.2"]
[White "Duong, Thanh Nha"]
[Black "Lesiege, Alexandre"]
[Result "1/2-1/2"]
[WhiteElo "2203"]
[BlackElo "2542"]
[WhiteFideId "-1"]
[WhiteFideId "-1"]
[PlyCount "118"]
[GameId "2160767908795004"]
[EventDate "2015.11.07"]
[EventType "swiss"]
[EventRounds "5"]
[EventCountry "CAN"]
[SourceTitle "EXT 2019"]
[Source "ChessBase"]
[SourceDate "2018.10.10"]
[SourceVersion "1"]
[SourceVersionDate "2018.10.10"]
[SourceQuality "1"]

1. Nf3 Nf6 2. c4 c5 3. Nc3 Nc6 4. g3 e6 5. Bg2 d5 6. cxd5 Nxd5 7. O-O Nxc3 8. bxc3 Be7 9. d4 O-O 10. e4 b6 11. Bb2 Bb7 12. Qe2 Rc8 13. Rfd1 Na5 14. Rac1 Qe8 15. Ne5 Bd6 16. Ng4 f5 17. Ne5 Bxe5 18. dxe5 b5 19. f4 Nc4 20. Rb1 Qc6 21. Bc1 fxe4 22. a4 a6 23. axb5 axb5 24. Re1 Rfd8 25. Qc2 Qd7 26. Bxe4 Bxe4 27. Qxe4 Ra8 28. Qc2 g6 29. Qb3 Qd3 30. Bb2 Qd5 31. Bc1 Ra7 32. Qc2 Rad7 33. Rxb5 Qc6 34. Rb3 Rd5 35. Qe2 Qa4 36. Rb1 Rd1 37. Be3 R1d3 38. Bxc5 Nd2 39. Red1 Nf3+ 40. Qxf3 Rxd1+ 41. Rxd1 Rxd1+ 42. Kg2 Qc2+ 43. Kh3 Rd2 44. Qc6 Rxh2+ 45. Kg4 Qe2+ 46. Kg5 Qh5+ 47. Kf6 Qf5+ 48. Ke7 Qf7+ 49. Kd8 Rb2 50. Bd6 Kg7 51. c4 Ra2 52. Bc5 h5 53. Bb6 Ra3 54. c5 Rd3+ 55. Kc8 Qf8+ 56. Kb7 Qf7+ 57. Kc8 Kh6 58. Bd8 Qf8 59. Qb6 Rxg3 1/2-1/2

[Event "Varennes op"]
[Site "Varennes CAN"]
[Date "2015.11.07"]
[Round "3.2"]
[White "Lesiege, Alexandre"]
[Black "Bolduc, Steve"]
[Result "1-0"]
[WhiteElo "2542"]
[BlackElo "2310"]
[WhiteFideId "-1"]
[WhiteFideId "-1"]
[PlyCount "43"]
[GameId "2160767908795014"]
[EventDate "2015.11.07"]
[EventType "swiss"]
[EventRounds "5"]
[EventCountry "CAN"]
[SourceTitle "hb 2015"]

1. c4 c5 2. g3 Nf6 3. Bg2 e6 4. Nf3 d5 5. O-O Nc6 6. d4 dxc4 7. Qa4 Bd7 8. Qxc4 b5 9. Qd3 Rc8 10. dxc5 Bxc5 11. Nc3 O-O 12. Bg5 Nb4 13. Bxf6 gxf6 14. Qd2 Bc6 15. Qh6 Re8 16. Rad1 Bf8 17. Qh5 Qb6 18. Qh4 f5 19. Ne5 Bxg2 20. Nd7 Be7 21. Nxb6 Bxh4 22. Nxc8 1-0

[Event "Varennes op"]
[Site "Varennes CAN"]
[Date "2015.11.08"]
[Round "4.1"]
[White "Sambuev, Bator"]
[Black "Lesiege, Alexandre"]
[Result "1-0"]
[WhiteElo "2554"]
[BlackElo "2542"]
[WhiteFideId "-1"]
[WhiteFideId "-1"]
[PlyCount "77"]
[GameId "2160767908795023"]
[EventDate "2015.11.07"]
[EventType "swiss"]
[EventRounds "5"]
[EventCountry "CAN"]
[SourceTitle "hb 2015"]

1. e4 e5 2. Nf3 Nc6 3. Bb5 a6 4. Bxc6 dxc6 5. Nc3 f6 6. d4 exd4 7. Nxd4 c5 8. Nde2 Qxd1+ 9. Nxd1 Be6 10. Bf4 O-O-O 11. Ne3 Ne7 12. h4 h5 13. f3 Nc6 14. Kf2 c4 15. Rhd1 Bc5 16. Kf1 Ne7 17. Rxd8+ Rxd8 18. Rd1 Ng6 19. Rxd8+ Kxd8 20. g3 b5 21. Nf5 Bxf5 22. exf5 Ne7 23. g4 Nd5 24. Bd2 Ne3+ 25. Bxe3 Bxe3 26. Ng3 hxg4 27. fxg4 Ke7 28. Nh5 Kf7 29. Ke2 Bd4 30. c3 Be5 31. Ke3 b4 32. cxb4 Bxb2 33. Nf4 Bc3 34. a3 Bb2 35. a4 Bc1+ 36. Ke4 c3 37. Nd5 Bg5 38. Kd3 Bxh4 39. Nxc7 1-0

[Event "Varennes op"]
[Site "Varennes CAN"]
[Date "2015.11.08"]
[Round "5.4"]
[White "Lesiege, Alexandre"]
[Black "Luksza, Arkadiusz"]
[Result "1-0"]
[WhiteElo "2542"]
[BlackElo "2242"]
[WhiteFideId "-1"]
[WhiteFideId "-1"]
[PlyCount "62"]
[GameId "2160767908795036"]
[EventDate "2015.11.07"]
[EventType "swiss"]
[EventRounds "5"]
[EventCountry "CAN"]
[SourceTitle "hb 2015"]

1. c4 c6 2. g3 d5 3. Nf3 Nf6 4. Bg2 g6 5. b3 Bg7 6. Bb2 O-O 7. O-O Bf5 8. d3 Qd7 9. Re1 Rd8 10. Nbd2 Bh3 11. Bh1 Qe8 12. Qc2 Na6 13. a3 h6 14. b4 b5 15. e4 dxe4 16. dxe4 Rac8 17. c5 Nc7 18. Nb3 Bg4 19. Ne5 Bd7 20. Na5 Rb8 21. Rad1 Ng4 22. Nxd7 Rxd7 23. e5 Rxd1 24. Qxd1 h5 25. Nxc6 Rc8 26. Nxa7 Rd8 27. Qe2 Qd7 28. Nc6 Re8 29. Bg2 Qe6 30. h3 Nh6 31. Nd4 Qa6 1-0

[Event "Montreal op"]
[Site "Montreal CAN"]
[Date "2015.09.11"]
[Round "1.1"]
[White "Soudre, Nicolas"]
[Black "Lesiege, Alexandre"]
[Result "0-1"]
[WhiteElo "2111"]
[BlackElo "2561"]
[WhiteFideId "-1"]
[WhiteFideId "-1"]
[PlyCount "70"]
[GameId "2160767908820328"]
[EventDate "2015.09.12"]
[EventType "swiss"]
[EventRounds "5"]
[EventCountry "CAN"]

1. e4 c5 2. Nc3 Nc6 3. f4 g6 4. Nf3 Bg7 5. Bb5 Nd4 6. O-O Nxb5 7. Nxb5 d5 8. exd5 a6 9. Nc3 Nf6 10. d3 Nxd5 11. Ne4 Qc7 12. Qe1 f5 13. Nc3 Nxf4 14. Bxf4 Qxf4 15. Qxe7+ Kxe7 16. Nd5+ Kf7 17. Nxf4 Bxb2 18. Rab1 Bf6 19. Rb6 Bd8 20. Ne5+ Kg7 21. Ne6+ Bxe6 22. Rxe6 Bf6 23. Rb1 b5 24. Nd7 Bd4+ 25. Kf1 Rhd8 26. Re7+ Kh6 27. c3 Bxc3 28. Nxc5 Rd6 29. a4 Rc8 30. Nb7 Rd5 31. axb5 axb5 32. Ke2 Ra8 33. Rc7 Ra2+ 34. Ke3 Bd4+ 35. Kf3 Be5 0-1

[Event "Montreal op"]
[Site "Montreal CAN"]
[Date "2015.09.12"]
[Round "2.1"]
[White "Lesiege, Alexandre"]
[Black "Zhu, Hong Rui"]
[Result "1-0"]
[WhiteElo "2561"]
[BlackElo "2292"]
[WhiteFideId "-1"]
[WhiteFideId "-1"]
[PlyCount "65"]
[GameId "2160767908820348"]
[EventDate "2015.09.12"]
[EventType "swiss"]
[EventRounds "5"]
[EventCountry "CAN"]
[SourceTitle "hb 2015"]

1. d4 d5 2. c4 e6 3. Nf3 c6 4. e3 f5 5. Bd3 Nf6 6. O-O Bd6 7. b3 Qe7 8. Bb2 O-O 9. Qc1 b6 10. Ba3 Bb7 11. Bxd6 Qxd6 12. Nc3 a6 13. Na4 Nbd7 14. Nxb6 Nxb6 15. c5 Qc7 16. cxb6 Qxb6 17. Qa3 a5 18. Rfc1 Qb4 19. Qxb4 axb4 20. Ne5 Rfc8 21. Bf1 Rab8 22. Nd3 Ba6 23. Nxb4 Bxf1 24. Nxc6 Ba6 25. Nxb8 Rxb8 26. Rc5 Bb5 27. a4 Be8 28. a5 Rxb3 29. a6 Rb8 30. a7 Ra8 31. Rc7 Bb5 32. Rb7 Bc6 33. Rb6 1-0

[Event "Montreal op"]
[Site "Montreal CAN"]
[Date "2015.09.12"]
[Round "3.1"]
[White "Milicevic, Goran"]
[Black "Lesiege, Alexandre"]
[Result "1/2-1/2"]
[WhiteElo "2390"]
[BlackElo "2561"]
[WhiteFideId "-1"]
[WhiteFideId "-1"]
[PlyCount "71"]
[GameId "2160767908820365"]
[EventDate "2015.09.12"]
[EventType "swiss"]
[EventRounds "5"]
[EventCountry "CAN"]

1. d4 d5 2. Bf4 Nf6 3. e3 e6 4. Nf3 c5 5. c3 Nc6 6. Nbd2 Bd6 7. Bg3 O-O 8. Bd3 b6 9. Qe2 Bb7 10. dxc5 bxc5 11. e4 Nh5 12. e5 Be7 13. h4 Nxg3 14. fxg3 h6 15. O-O c4 16. Bc2 Qb6+ 17. Kh1 Qxb2 18. Nxc4 Qb5 19. Rab1 Nb4 20. Nfd2 dxc4 21. cxb4 Rad8 22. Rf4 Bd5 23. a4 Qb8 24. Nxc4 Rd7 25. Kh2 g6 26. Rbf1 h5 27. Nd2 Bxb4 28. Ne4 Bxe4 29. Qxe4 Bc3 30. Rxf7 Rfxf7 31. Qxg6+ Rg7 32. Qxe6+ Kh8 33. Qh6+ Kg8 34. Qe6+ Kh8 35. Qh6+ Kg8 36. Qe6+ 1/2-1/2

[Event "Montreal op"]
[Site "Montreal CAN"]
[Date "2015.09.13"]
[Round "4.2"]
[White "Lesiege, Alexandre"]
[Black "Bolduc, Steve"]
[Result "0-1"]
[WhiteElo "2561"]
[BlackElo "2228"]
[WhiteFideId "-1"]
[WhiteFideId "-1"]
[PlyCount "60"]
[GameId "2160767908820386"]
[EventDate "2015.09.12"]
[EventType "swiss"]
[EventRounds "5"]
[EventCountry "CAN"]
[SourceTitle "hb 2015"]

1. d4 d5 2. c4 e6 3. Nf3 c6 4. Qc2 Nf6 5. g3 Bb4+ 6. Bd2 Bd6 7. Nc3 O-O 8. Bg2 Nbd7 9. e4 Nxe4 10. Nxe4 dxe4 11. Ng5 Nf6 12. Nxe4 Nxe4 13. Bxe4 f5 14. Bg2 e5 15. O-O-O exd4 16. c5 Be5 17. Rhe1 Qf6 18. Ba5 f4 19. Qc4+ Kh8 20. Qe2 Re8 21. Bc7 f3 22. Qxf3 Bf5 23. Ba5 d3 24. Rd2 Bd4 25. Red1 Qe5 26. Bb4 a5 27. Ba3 Bxc5 28. Bxc5 Qxc5+ 29. Kb1 Re2 30. Bf1 Rae8 0-1

[Event "Montreal op"]
[Site "Montreal CAN"]
[Date "2015.09.13"]
[Round "5.5"]
[White "Zhang, Yuanchen"]
[Black "Lesiege, Alexandre"]
[Result "1/2-1/2"]
[WhiteElo "2293"]
[BlackElo "2561"]
[WhiteFideId "-1"]
[WhiteFideId "-1"]
[PlyCount "56"]
[GameId "2160767908820408"]
[EventDate "2015.09.12"]
[EventType "swiss"]
[EventRounds "5"]
[EventCountry "CAN"]
[SourceTitle "hb 2015"]

1. d4 d5 2. c4 c6 3. Nf3 Nf6 4. Nc3 dxc4 5. a4 Bf5 6. Ne5 Nbd7 7. Nxc4 Qc7 8. g3 e5 9. dxe5 Nxe5 10. Bf4 Nfd7 11. Bg2 g5 12. Ne3 gxf4 13. Nxf5 O-O-O 14. O-O Nc5 15. Qc2 fxg3 16. hxg3 a5 17. Rad1 h5 18. Rxd8+ Qxd8 19. Ne4 Nxe4 20. Qxe4 Qf6 21. Rd1 Bb4 22. Qf4 Kc7 23. Rd4 Kb6 24. Ne3 Qxf4 25. Rxf4 Kc5 26. Re4 Kd6 27. Nc4+ Nxc4 28. Rxc4 Re8 1/2-1/2

[Event "Quebec op 3e RIDEF"]
[Site "Montreal CAN"]
[Date "2015.07.17"]
[Round "1.4"]
[White "Lesiege, Alexandre"]
[Black "Gilbert, Erick"]
[Result "1-0"]
[WhiteElo "2528"]
[BlackElo "1889"]
[WhiteFideId "-1"]
[WhiteFideId "-1"]
[PlyCount "33"]
[GameId "2160767908845774"]
[EventDate "2015.07.17"]
[EventType "swiss"]
[EventRounds "9"]
[EventCountry "CAN"]

1. Nf3 Nf6 2. c4 c5 3. Nc3 Nc6 4. g3 g6 5. d4 cxd4 6. Nxd4 d6 7. Bg2 Bd7 8. Nc2 Qc8 9. h3 Bg7 10. b3 O-O 11. Bb2 Rd8 12. Qd2 a6 13. Ne3 Rb8 14. Rc1 b5 15. cxb5 axb5 16. Ncd5 Re8 17. Nb4 1-0

[Event "Quebec op 3e RIDEF"]
[Site "Montreal CAN"]
[Date "2015.07.18"]
[Round "2.4"]
[White "Van Heirzeele, Daniel"]
[Black "Lesiege, Alexandre"]
[Result "1-0"]
[WhiteElo "2087"]
[BlackElo "2528"]
[WhiteFideId "-1"]
[WhiteFideId "-1"]
[PlyCount "83"]
[GameId "2160767908854036"]
[EventDate "2015.07.17"]
[EventType "swiss"]
[EventRounds "9"]
[EventCountry "CAN"]
[SourceTitle "hb 2015"]

1. d4 Nf6 2. c4 e6 3. g3 c5 4. Nf3 cxd4 5. Nxd4 Bb4+ 6. Bd2 Qb6 7. Bxb4 Qxb4+ 8. Nc3 Qxb2 9. Ndb5 Qb4 10. Nc7+ Kd8 11. Qd2 Ne4 12. Nxe6+ fxe6 13. Nxe4 Qxd2+ 14. Kxd2 b6 15. Nd6 Ke7 16. Bg2 Nc6 17. Bxc6 dxc6 18. Nxc8+ Raxc8 19. f4 e5 20. Rhf1 Rcd8+ 21. Kc3 Rd4 22. e3 Rd7 23. Rad1 Rhd8 24. Rxd7+ Rxd7 25. fxe5 Ke6 26. Rf8 Kxe5 27. Re8+ Kf5 28. Rf8+ Ke4 29. Re8+ Kf3 30. e4 Kg2 31. e5 Kxh2 32. e6 Rb7 33. Kd4 Kxg3 34. Ke5 h5 35. Rg8 h4 36. Kd6 h3 37. e7 h2 38. Rxg7+ Kf2 39. Rh7 Rxe7 40. Kxe7 Kg1 41. Kd6 c5 42. Kc6 1-0

[Event "Quebec op 3e RIDEF"]
[Site "Montreal CAN"]
[Date "2015.07.18"]
[Round "3.24"]
[White "Lesiege, Alexandre"]
[Black "Simard, Francois"]
[Result "1-0"]
[WhiteElo "2528"]
[BlackElo "1894"]
[WhiteFideId "-1"]
[WhiteFideId "-1"]
[PlyCount "82"]
[GameId "2160767908854127"]
[EventDate "2015.07.17"]
[EventType "swiss"]
[EventRounds "9"]
[EventCountry "CAN"]
[SourceTitle "hb 2015"]

1. Nf3 d5 2. d4 e6 3. c4 c5 4. cxd5 exd5 5. g3 Nc6 6. Nc3 Nf6 7. Bg2 Be7 8. O-O O-O 9. Bg5 cxd4 10. Nxd4 h6 11. Be3 Bg4 12. Rc1 Re8 13. h3 Be6 14. Kh2 a6 15. Nxc6 bxc6 16. Na4 Rb8 17. Rxc6 Qa5 18. b3 Bd7 19. Bd2 Bb4 20. Bxb4 Rxb4 21. Rc5 Rb5 22. Rc1 Rb4 23. Rc5 Rb5 24. Rc2 Rb4 25. Nb2 Bb5 26. Bf3 Qb6 27. Kg2 Ne4 28. h4 Bc6 29. Nd3 Rb5 30. a4 Ra5 31. Qe1 Bb7 32. Qb4 Re6 33. Rfc1 Qxb4 34. Nxb4 Rb6 35. Nc6 Bxc6 36. Rxc6 Rxb3 37. Rc8+ Kh7 38. R1c7 Rxa4 39. Bxe4+ Rxe4 40. Rxf7 Rxe2 41. h5 Rb6 1-0

[Event "Quebec op 3e RIDEF"]
[Site "Montreal CAN"]
[Date "2015.07.19"]
[Round "4.14"]
[White "Poulin, Mathieu"]
[Black "Lesiege, Alexandre"]
[Result "0-1"]
[WhiteElo "2005"]
[BlackElo "2528"]
[WhiteFideId "-1"]
[WhiteFideId "-1"]
[PlyCount "62"]
[GameId "2160767908854187"]
[EventDate "2015.07.17"]
[EventType "swiss"]
[EventRounds "9"]
[EventCountry "CAN"]

1. d4 Nf6 2. c4 c5 3. Nf3 cxd4 4. Nxd4 e6 5. Nc3 Bb4 6. Bg5 Bxc3+ 7. bxc3 a6 8. Qc2 d6 9. e4 Nbd7 10. Be2 Qa5 11. Be3 Nxe4 12. O-O Nef6 13. f4 O-O 14. f5 e5 15. Nb3 Qc7 16. Bg5 b5 17. cxb5 axb5 18. Qd3 Bb7 19. Rad1 Ne4 20. Bh4 Rxa2 21. Nc1 Ra3 22. Qh3 Nxc3 23. Rd3 Nxe2+ 24. Nxe2 Rxd3 25. Qxd3 Qc4 26. Qxc4 bxc4 27. Be7 Ra8 28. Bxd6 Ra2 29. Re1 h5 30. Kf2 Be4 31. f6 Nxf6 0-1

[Event "Quebec op 3e RIDEF"]
[Site "Montreal CAN"]
[Date "2015.07.21"]
[Round "5.6"]
[White "Chiku-Ratte, Olivier-Kenta"]
[Black "Lesiege, Alexandre"]
[Result "1/2-1/2"]
[WhiteElo "2195"]
[BlackElo "2528"]
[WhiteFideId "-1"]
[WhiteFideId "-1"]
[PlyCount "46"]
[GameId "2160767908862439"]
[EventDate "2015.07.17"]
[EventType "swiss"]
[EventRounds "9"]
[EventCountry "CAN"]
[SourceTitle "hb 2015"]

1. d4 Nf6 2. c4 e6 3. Nc3 Bb4 4. f3 c5 5. d5 b5 6. e4 bxc4 7. Bxc4 Bxc3+ 8. bxc3 e5 9. a4 Qa5 10. Ne2 d6 11. O-O Nbd7 12. Bb5 Ba6 13. Bxa6 Qxa6 14. Ng3 O-O 15. Nf5 g6 16. Nh6+ Kh8 17. Qe1 Rae8 18. Qh4 Nh5 19. Nf5 f6 20. Qh3 Rf7 21. Nh4 Nf8 22. g3 Rb8 23. Nf5 Rb3 1/2-1/2

[Event "Quebec op 3e RIDEF"]
[Site "Montreal CAN"]
[Date "2015.07.22"]
[Round "6.12"]
[White "Lesiege, Alexandre"]
[Black "Tremblay, Alain"]
[Result "1-0"]
[WhiteElo "2528"]
[BlackElo "2028"]
[WhiteFideId "-1"]
[WhiteFideId "-1"]
[PlyCount "41"]
[GameId "2160767908862518"]
[EventDate "2015.07.17"]
[EventType "swiss"]
[EventRounds "9"]
[EventCountry "CAN"]
[SourceTitle "hb 2015"]

1. Nf3 d5 2. d4 e6 3. c4 Be7 4. g3 Nf6 5. Bg2 O-O 6. O-O c6 7. Qc2 b6 8. b3 Bb7 9. Rd1 Nbd7 10. Nc3 Rc8 11. e4 Ba6 12. a4 dxc4 13. Qe2 Bb4 14. Bb2 Qc7 15. bxc4 Rfe8 16. e5 Nd5 17. Ne4 Bf8 18. Rac1 h6 19. Qd2 Bb4 20. Qc2 Ne7 21. Qb3 1-0

[Event "Quebec op 3e RIDEF"]
[Site "Montreal CAN"]
[Date "2015.07.23"]
[Round "7.7"]
[White "Maisuradze, Nino"]
[Black "Lesiege, Alexandre"]
[Result "1/2-1/2"]
[WhiteElo "2292"]
[BlackElo "2528"]
[WhiteFideId "-1"]
[WhiteFideId "-1"]
[PlyCount "88"]
[GameId "2160767908862581"]
[EventDate "2015.07.17"]
[EventType "swiss"]
[EventRounds "9"]
[EventCountry "CAN"]
[SourceTitle "hb 2015"]

1. d4 d5 2. c4 dxc4 3. Nf3 Nf6 4. e3 e6 5. Bxc4 c5 6. O-O a6 7. dxc5 Bxc5 8. Qxd8+ Kxd8 9. Ne5 Ke7 10. Be2 Nbd7 11. Nd3 Bd6 12. Nd2 b5 13. Nb3 Bb7 14. Na5 Bd5 15. f3 Rhc8 16. e4 Bc4 17. Bd2 Bxd3 18. Bxd3 Ne5 19. Be2 Rc2 20. Rfd1 Rxb2 21. Nb7 Bb4 22. Bxb4+ Rxb4 23. a4 bxa4 24. Nc5 a5 25. Ra2 Nc6 26. Nxa4 Nd4 27. Kf1 Nd7 28. Bd3 Rc8 29. Nb2 e5 30. Na4 Kd6 31. Ra3 Nc5 32. Nc3 a4 33. Bb5 Ncb3 34. Rxa4 Rxa4 35. Nxa4 Rc2 36. Bd3 Nd2+ 37. Ke1 N2xf3+ 38. gxf3 Nxf3+ 39. Kf1 Nxh2+ 40. Kg1 Nf3+ 41. Kf1 Rh2 42. Nc3 Nd2+ 43. Kg1 Nf3+ 44. Kf1 Nd2+ 1/2-1/2

[Event "Quebec op 3e RIDEF"]
[Site "Montreal CAN"]
[Date "2015.07.24"]
[Round "8.5"]
[White "Lesiege, Alexandre"]
[Black "Yu, Zong Yang"]
[Result "1-0"]
[WhiteElo "2528"]
[BlackElo "2234"]
[WhiteFideId "-1"]
[WhiteFideId "-1"]
[PlyCount "35"]
[GameId "2160767908870839"]
[EventDate "2015.07.17"]
[EventType "swiss"]
[EventRounds "9"]
[EventCountry "CAN"]

1. Nf3 Nf6 2. c4 e6 3. Nc3 b6 4. g3 Bb7 5. Bg2 g6 6. O-O Bg7 7. Qc2 O-O 8. d4 c5 9. dxc5 bxc5 10. Rd1 Qe7 11. Bf4 d5 12. Nb5 Rd8 13. Nc7 Nh5 14. Nxa8 e5 15. Bg5 f6 16. cxd5 Bxa8 17. d6 Qf7 18. Nxe5 1-0

[Event "Quebec op 3e RIDEF"]
[Site "Montreal CAN"]
[Date "2015.07.25"]
[Round "9.4"]
[White "Villegas, Pierre"]
[Black "Lesiege, Alexandre"]
[Result "1/2-1/2"]
[WhiteElo "2323"]
[BlackElo "2528"]
[WhiteFideId "-1"]
[WhiteFideId "-1"]
[PlyCount "106"]
[GameId "2160767908870904"]
[EventDate "2015.07.17"]
[EventType "swiss"]
[EventRounds "9"]
[EventCountry "CAN"]
[SourceTitle "hb 2015"]

1. d4 d5 2. c4 dxc4 3. e3 Nf6 4. Bxc4 e6 5. Nf3 c5 6. O-O a6 7. dxc5 Bxc5 8. Qxd8+ Kxd8 9. Be2 Ke7 10. Nbd2 Bd7 11. Ne5 Bb5 12. Nd3 Bd6 13. b3 Rd8 14. Nc4 Bxc4 15. bxc4 Nbd7 16. Bf3 Ra7 17. Rb1 b6 18. Nb4 Ne5 19. Nc6+ Nxc6 20. Bxc6 Rb8 21. Bf3 Rc7 22. Be2 Ne4 23. Bd3 Nc3 24. Rb3 Nxa2 25. Bd2 Rd8 26. Ra1 Rcd7 27. Rxa2 Bc5 28. Rxa6 Rxd3 29. Rxd3 Rxd3 30. Ra2 e5 31. Kf1 Ke6 32. Ke2 Rb3 33. f3 h5 34. Ra1 g5 35. h3 f5 36. Ra2 f4 37. exf4 gxf4 38. Ra8 Bb4 39. Bxb4 Rxb4 40. Rh8 Kd6 41. Rxh5 Rxc4 42. Kd2 Rd4+ 43. Kc3 b5 44. Rh8 b4+ 45. Kb3 Ke6 46. Re8+ Kf6 47. Rg8 Kf7 48. Rg5 Ke6 49. Rg8 Kf6 50. Ka4 e4 51. fxe4 Rxe4 52. g3 b3+ 53. Ka3 Re3 1/2-1/2

[Event "Rapid m"]
[Site "Montreal CAN"]
[Date "2015.06.28"]
[Round "1"]
[White "Lesiege, Alexandre"]
[Black "Bareev, Evgeny"]
[Result "1/2-1/2"]
[WhiteElo "2528"]
[BlackElo "2663"]
[WhiteFideId "-1"]
[WhiteFideId "-1"]
[PlyCount "57"]
[GameId "2160767908913087"]
[EventDate "2015.06.28"]
[EventType "match (rapid)"]
[EventRounds "2"]
[EventCountry "CAN"]
[SourceTitle "hb 2015"]

1. d4 d5 2. c4 c6 3. Nf3 Nf6 4. e3 Bg4 5. h3 Bh5 6. Nc3 e6 7. g4 Bg6 8. Qb3 Qb6 9. Ne5 Nbd7 10. Nxg6 hxg6 11. Bg2 Qa6 12. cxd5 exd5 13. g5 Ng8 14. e4 dxe4 15. Nxe4 Nb6 16. Nc5 Bxc5 17. dxc5 Qa5+ 18. Bd2 Qxc5 19. O-O O-O-O 20. Rac1 Qf5 21. Be3 Ne7 22. Qa3 Nbd5 23. Qxa7 Rxh3 24. Qa8+ Kc7 25. Qa5+ Kd7 26. Qa7 Kc8 27. Qa8+ Kc7 28. Qa5+ Kd7 29. Qa7 1/2-1/2